[Event "23. Copenhagen Open  (Politiken Cup)"]
[Site "Copenhagen"]
[Date "2001.07.22"]
[Round "7"]
[White "Jensen, Henrik Sandberg"]
[Black "Jorgensen, Michael"]
[Result "0-1"]
[WhiteElo "1706"]
[BlackElo "2290"]
[PlyCount "104"]
[EventDate "2001.07.16"]
[EventType "swiss"]
[EventRounds "11"]
[EventCountry "DEN"]
[SourceDate "2004.01.01"]

1. e4 e6 2. Qe2 Be7 3. Nf3 d5 4. exd5 exd5 5. g3 Nf6 6. Bg2 O-O 7. O-O Re8 8.
d4 Bg4 9. Bg5 h6 10. Bxf6 Bxf6 11. Qb5 Nc6 12. c3 Qd7 13. Nbd2 a6 14. Qb3 Na5
15. Qb4 Qb5 16. Qxb5 axb5 17. Rfe1 Be6 18. a3 Nc4 19. Nxc4 bxc4 20. Rad1 Red8
21. Ne5 Ra6 22. Bf3 Rb6 23. Rd2 Rb5 24. h4 Rd6 25. Ng4 Rdb6 26. Ne3 Rxb2 27.
Rxb2 Rxb2 28. Bxd5 Rb3 29. Bxe6 fxe6 30. Rc1 b5 31. a4 bxa4 32. Nxc4 a3 33. Nd2
Rb2 34. Nc4 Ra2 35. Rb1 Rc2 36. Nxa3 Rxc3 37. Rb8+ Kh7 38. Nb5 Rb3 39. Rb7 Bxd4
40. Kg2 Rb2 41. g4 Rxf2+ 42. Kg3 Rb2 43. h5 c6 44. Nxd4 Rxb7 45. Nxc6 Kg8 46.
Kf4 Rb6 47. Nd4 Rb4 48. Ke5 Rxd4 49. Kxd4 Kf7 50. Kc5 Kf6 51. Kd6 e5 52. Kd5
Kg5 0-1

[Event "23. Copenhagen Open  (Politiken Cup)"]
[Site "Copenhagen"]
[Date "2001.07.22"]
[Round "7"]
[White "Jepson, Christian"]
[Black "Rustemov, Alexander"]
[Result "1/2-1/2"]
[WhiteElo "2373"]
[BlackElo "2607"]
[PlyCount "136"]
[EventDate "2001.07.16"]
[EventType "swiss"]
[EventRounds "11"]
[EventCountry "DEN"]
[SourceDate "2004.01.01"]

1. d4 f5 2. Nc3 Nf6 3. Bg5 d5 4. Bxf6 exf6 5. e3 Be6 6. Bd3 Qd7 7. Qf3 Nc6 8.
Nge2 Nb4 9. Nf4 Bf7 10. O-O-O Nxd3+ 11. Nxd3 c6 12. Ne2 b6 13. Kb1 Bd6 14. h4
h5 15. Nef4 Qc7 16. Nh3 g6 17. Qe2 O-O-O 18. Qd2 Kb7 19. Qc3 Rhe8 20. b4 Ra8
21. Kc1 a5 22. a3 Qe7 23. Rhe1 axb4 24. axb4 Ra4 25. Nc5+ bxc5 26. bxc5 Bxc5
27. dxc5 Kc7 28. Rd4 Rea8 29. Rxa4 Rxa4 30. Kd2 Qd8 31. Qb3 Qa8 32. Rb1 Rc4 33.
Qb6+ Kd7 34. Nf4 d4 35. Rb4 dxe3+ 36. fxe3 Rxb4 37. Qxb4 Ke7 38. Qb6 Kf8 39.
Qc7 Qa4 40. Qd6+ Kg7 41. g3 Qb4+ 42. Kd1 Qe4 43. Kd2 Qb4+ 44. Kd1 Qc3 45. Nd3
Qa1+ 46. Kd2 Qa5+ 47. Kd1 Qa4 48. Kd2 Qe4 49. Qf4 Qg2+ 50. Kc3 Qh1 51. Kd2 Qg2+
52. Kd1 Qd5 53. Kd2 Be6 54. Qd6 Qg2+ 55. Kd1 Qe4 56. Kd2 Bf7 57. Qf4 Qe7 58.
Qd6 Qb7 59. Nf4 Qb4+ 60. Kd1 Qe4 61. Nd3 Qxe3 62. Qxc6 Qxg3 63. Qd7 f4 64. c6
Qg1+ 65. Kd2 Qe3+ 66. Kd1 Qg1+ 67. Kd2 Qe3+ 68. Kd1 Qg1+ 1/2-1/2

[Event "23. Copenhagen Open  (Politiken Cup)"]
[Site "Copenhagen"]
[Date "2001.07.22"]
[Round "7"]
[White "Johansson, Thomas"]
[Black "Brynell, Stellan"]
[Result "0-1"]
[WhiteElo "2250"]
[BlackElo "2486"]
[PlyCount "84"]
[EventDate "2001.07.16"]
[EventType "swiss"]
[EventRounds "11"]
[EventCountry "DEN"]
[SourceDate "2004.01.01"]

1. e4 e6 2. d3 d5 3. Nd2 Nf6 4. Ngf3 b6 5. g3 dxe4 6. dxe4 Bb7 7. Bb5+ Nbd7 8.
O-O a6 9. Bd3 Nc5 10. Qe2 Be7 11. b3 O-O 12. Bb2 Nfd7 13. Rad1 Nxd3 14. cxd3 a5
15. d4 a4 16. Nc4 axb3 17. axb3 Nf6 18. Nfd2 Bb4 19. f3 Ra2 20. Nb1 Qe7 21. Rf2
Nd7 22. Qd3 f5 23. e5 Rd8 24. Bc3 Rxf2 25. Kxf2 Nb8 26. Bxb4 Qxb4 27. Qc3 Qe7
28. Nba3 Qd7 29. Ne3 Qf7 30. Ng2 Nc6 31. Rd2 Qd7 32. Ke3 Ne7 33. Ke2 Nd5 34.
Qc1 Ra8 35. Rc2 h6 36. h4 Qe7 37. Nb1 Qb4 38. Qb2 Ba6+ 39. Kf2 Bd3 40. Rc6 Bxb1
41. Rc4 Ra2 42. Qxa2 Bxa2 0-1

[Event "23. Copenhagen Open  (Politiken Cup)"]
[Site "Copenhagen"]
[Date "2001.07.22"]
[Round "7"]
[White "Jorgensen, Brian"]
[Black "Nicolaisen, Jeppe"]
[Result "1/2-1/2"]
[WhiteElo "2265"]
[BlackElo "2047"]
[PlyCount "112"]
[EventDate "2001.07.16"]
[EventType "swiss"]
[EventRounds "11"]
[EventCountry "DEN"]
[SourceDate "2004.01.01"]

1. d4 d5 2. c4 Nc6 3. e3 e5 4. dxe5 d4 5. a3 a5 6. Nf3 Bg4 7. exd4 Bxf3 8. Qxf3
Qxd4 9. Nc3 Qxe5+ 10. Qe3 O-O-O 11. Be2 Bd6 12. Qxe5 Bxe5 13. O-O Nf6 14. Be3
Nd4 15. Bd1 Nf5 16. Bg5 h6 17. Bxf6 Bxf6 18. Bg4 g6 19. Rac1 Rd3 20. Rfd1 Rxd1+
21. Nxd1 Kd8 22. Bxf5 gxf5 23. Kf1 Ke7 24. Rc2 Bd4 25. Nc3 c6 26. Ne2 Be5 27.
f4 Bd6 28. g3 Bc5 29. Rd2 Rd8 30. Rxd8 Kxd8 31. a4 Ke7 32. Nc1 Bd4 33. Nd3 Kf6
34. b3 Ke6 35. Kg2 f6 36. Kf3 h5 37. h3 Kd6 38. g4 fxg4+ 39. hxg4 hxg4+ 40.
Kxg4 Ke6 41. f5+ Kd6 42. Kh5 b5 43. cxb5 cxb5 44. axb5 Kc7 45. Kg6 Kb6 46. Kf7
Kxb5 47. Ke6 Bc3 48. Kd5 Ba1 49. Ke6 Bc3 50. Kd6 Bb4+ 51. Kd7 Bc3 52. Ke6 Ba1
53. Kd5 Bc3 54. Ke6 Ba1 55. Kd5 Bc3 56. Ke6 Ba1 1/2-1/2

[Event "23. Copenhagen Open  (Politiken Cup)"]
[Site "Copenhagen"]
[Date "2001.07.22"]
[Round "7"]
[White "Kaaber Hansen, Jacob"]
[Black "Hassan, Omar Elsayed"]
[Result "0-1"]
[WhiteElo "1846"]
[BlackElo "2100"]
[PlyCount "38"]
[EventDate "2001.07.16"]
[EventType "swiss"]
[EventRounds "11"]
[EventCountry "DEN"]
[SourceDate "2004.01.01"]

1. c4 Nf6 2. g3 e6 3. Bg2 d5 4. cxd5 exd5 5. Nf3 Be7 6. O-O c6 7. Qc2 Bg4 8. d3
Nbd7 9. e4 O-O 10. Re1 Bxf3 11. Bxf3 Re8 12. e5 Bb4 13. Bd2 Bxd2 14. Nxd2 Rxe5
15. Bg2 Qa5 16. b4 Rxe1+ 17. Rxe1 Qxb4 18. Rb1 Qc5 19. Qb2 b6 0-1

[Event "23. Copenhagen Open  (Politiken Cup)"]
[Site "Copenhagen"]
[Date "2001.07.22"]
[Round "7"]
[White "Kjar, Peter Sigsgaard"]
[Black "Jorgensen, Mikkel"]
[Result "1/2-1/2"]
[WhiteElo "1573"]
[BlackElo "1610"]
[PlyCount "64"]
[EventDate "2001.07.16"]
[EventType "swiss"]
[EventRounds "11"]
[EventCountry "DEN"]
[SourceDate "2004.01.01"]

1. e4 c5 2. c3 d5 3. exd5 Qxd5 4. d4 Nf6 5. Nf3 Nc6 6. Be3 Bg4 7. Be2 cxd4 8.
Bxd4 Nxd4 9. cxd4 g6 10. O-O Bg7 11. Nc3 Qd8 12. Qb3 b6 13. Ne5 Be6 14. Bb5+
Kf8 15. Qb4 Nd5 16. Nxd5 Bxd5 17. Rfe1 Bf6 18. Nd7+ Kg7 19. Nxf6 Kxf6 20. Re5
e6 21. Qd2 Kg7 22. Qf4 Rc8 23. b3 Qf6 24. Qd2 Rc7 25. Rc1 Rhc8 26. Rxc7 Rxc7
27. Bd3 Qh4 28. f4 Qg4 29. Rg5 Qh4 30. g3 Qh6 31. Re5 Kg8 32. Re1 Qf8 1/2-1/2

[Event "23. Copenhagen Open  (Politiken Cup)"]
[Site "Copenhagen"]
[Date "2001.07.22"]
[Round "7"]
[White "Kleinschroth, Roland"]
[Black "Adamski, Jan"]
[Result "1/2-1/2"]
[WhiteElo "2160"]
[BlackElo "2361"]
[PlyCount "79"]
[EventDate "2001.07.16"]
[EventType "swiss"]
[EventRounds "11"]
[EventCountry "DEN"]
[SourceDate "2004.01.01"]

1. e4 c5 2. Nc3 e6 3. g3 d5 4. exd5 exd5 5. Bg2 Nf6 6. d3 d4 7. Ne4 Nxe4 8.
Bxe4 Nd7 9. Ne2 Nf6 10. Bg2 Bd6 11. O-O O-O 12. Bf4 Bg4 13. Bxd6 Qxd6 14. Qd2
Rfe8 15. Rfe1 Bd7 16. Nf4 Bc6 17. Rxe8+ Rxe8 18. Re1 Rxe1+ 19. Qxe1 Bxg2 20.
Nxg2 b6 21. Qe2 h6 22. Qf3 Qd5 23. Qxd5 Nxd5 24. a3 g6 25. Kf1 f5 26. h4 Kf7
27. Ke2 Kf6 28. Ne1 g5 29. hxg5+ hxg5 30. Kd2 g4 31. Ng2 f4 32. Nxf4 Nxf4 33.
gxf4 Kf5 34. a4 a6 35. b3 Kxf4 36. Ke2 b5 37. axb5 axb5 38. Ke1 Kf3 39. Kf1 b4
40. Ke1 1/2-1/2

[Event "23. Copenhagen Open  (Politiken Cup)"]
[Site "Copenhagen"]
[Date "2001.07.22"]
[Round "7"]
[White "Lardot, Derik"]
[Black "Rossen, Claus"]
[Result "0-1"]
[WhiteElo "2023"]
[BlackElo "2210"]
[PlyCount "130"]
[EventDate "2001.07.16"]
[EventType "swiss"]
[EventRounds "11"]
[EventCountry "DEN"]
[SourceDate "2004.01.01"]

1. e4 d6 2. d4 Nf6 3. f3 c5 4. dxc5 Qa5+ 5. Nc3 Qxc5 6. Qd3 g6 7. Qb5+ Qxb5 8.
Nxb5 Na6 9. Be3 b6 10. O-O-O Bg7 11. Ne2 O-O 12. c3 Bb7 13. g4 h5 14. gxh5 Nxh5
15. Ng3 Nxg3 16. hxg3 Nc5 17. Bd4 a6 18. Bxc5 bxc5 19. Nc7 Ra7 20. Nd5 Bc6 21.
Bc4 Ba4 22. Rd2 Bb5 23. Ne3 Rb7 24. Rdh2 e6 25. Bb3 Rd8 26. Rd1 Kf8 27. f4 Ke7
28. Rh7 Rh8 29. Rdh1 Rbb8 30. f5 gxf5 31. exf5 Bc6 32. R1h4 Bf6 33. Rh3 Be4 34.
Bxe6 Rxh7 35. Rxh7 Bg5 36. Rxf7+ Ke8 37. b3 Bxe3+ 38. Kb2 Rb7 39. Rf6 Rh7 40.
b4 cxb4 41. Rg6 bxc3+ 42. Kxc3 Rc7+ 43. Kb4 Bd2+ 44. Kb3 Bc2+ 45. Kb2 Bc1+ 46.
Ka1 Be3 47. Kb2 Bd4+ 48. Ka3 Rb7 49. Bb3 Bxf5 50. Rg8+ Ke7 51. Ra8 Bd3 52. Ka4
Bc5 53. Ka5 Rb5+ 54. Ka4 Rb4+ 55. Ka5 Rg4 56. Rg8 Rxg8 57. Bxg8 Kf6 58. g4 Ke5
59. Bf7 Be3 60. Be8 d5 61. Kb4 d4 62. Bd7 Bb5 63. Bf5 d3 64. Kc3 d2 65. Bc2 Be2
0-1

[Event "23. Copenhagen Open  (Politiken Cup)"]
[Site "Copenhagen"]
[Date "2001.07.22"]
[Round "7"]
[White "Larsen, Karsten"]
[Black "Lilja, Richard"]
[Result "1-0"]
[WhiteElo "2300"]
[BlackElo "2112"]
[PlyCount "93"]
[EventDate "2001.07.16"]
[EventType "swiss"]
[EventRounds "11"]
[EventCountry "DEN"]
[SourceDate "2004.01.01"]

1. g3 e5 2. Bg2 d5 3. d3 Nf6 4. Nf3 Nc6 5. O-O Bg4 6. h3 Bxf3 7. Bxf3 Qd7 8.
Bg2 h6 9. c4 d4 10. Nd2 Be7 11. a3 a5 12. Kh2 a4 13. b4 axb3 14. Qxb3 Na5 15.
Qc2 O-O 16. Bb2 Rfd8 17. Rad1 Nc6 18. Nb1 Bc5 19. Bc1 Nh5 20. Bf3 Nf6 21. Bg2
Nh5 22. e4 Kh7 23. Qe2 g6 24. f4 exf4 25. gxf4 Bd6 26. Qf3 f6 27. Kg1 Ng7 28.
h4 Rg8 29. Bh3 Qf7 30. Rd2 Ra5 31. Rg2 b5 32. e5 Nxe5 33. fxe5 Bxe5 34. Bd2 Ra7
35. cxb5 Qb3 36. Qe4 Ne8 37. h5 Nd6 38. hxg6+ Kg7 39. Qg4 Qxb5 40. Bxh6+ Kxh6
41. g7 Qe8 42. Qh4+ Qh5 43. Qxh5+ Kxh5 44. Be6 Rxg7 45. Rxg7 Rb7 46. Rg2 c5 47.
Nd2 1-0

[Event "23. Copenhagen Open  (Politiken Cup)"]
[Site "Copenhagen"]
[Date "2001.07.22"]
[Round "7"]
[White "Lie, Terje"]
[Black "Thomsen, Heinrich Kirch"]
[Result "0-1"]
[WhiteElo "1100"]
[BlackElo "1361"]
[PlyCount "62"]
[EventDate "2001.07.16"]
[EventType "swiss"]
[EventRounds "11"]
[EventCountry "DEN"]
[SourceDate "2004.01.01"]

1. d4 Nf6 2. c4 g6 3. Nc3 Bg7 4. e4 d6 5. f3 O-O 6. Be3 Nbd7 7. Qd2 c5 8. d5
Qc7 9. Bd3 a6 10. Nge2 Ne5 11. O-O-O Nxd3+ 12. Qxd3 Bd7 13. Kb1 b5 14. cxb5
axb5 15. Nc1 b4 16. N3e2 c4 17. Qd2 Qa5 18. Bd4 e5 19. Bc3 bxc3 20. Nxc3 Rfb8
21. h4 Bh6 22. Qc2 Rb6 23. Ka1 Rab8 24. N1e2 Rxb2 25. Qxb2 Rxb2 26. Kxb2 Ba4
27. Rb1 Bd2 28. Nxa4 Qxa4 29. Rhd1 c3+ 30. Nxc3 Qb4+ 31. Ka1 Bxc3+ 0-1

[Event "23. Copenhagen Open  (Politiken Cup)"]
[Site "Copenhagen"]
[Date "2001.07.22"]
[Round "7"]
[White "Lynge, Torben"]
[Black "Rasmussen, Henning Lau"]
[Result "0-1"]
[WhiteElo "1701"]
[BlackElo "2015"]
[PlyCount "70"]
[EventDate "2001.07.16"]
[EventType "swiss"]
[EventRounds "11"]
[EventCountry "DEN"]
[SourceDate "2004.01.01"]

1. e4 g6 2. d4 Bg7 3. Nf3 d6 4. Bc4 e6 5. Qe2 Ne7 6. Bf4 a6 7. Nbd2 b5 8. Bd3
Bb7 9. O-O Nd7 10. c3 e5 11. Bg3 O-O 12. dxe5 dxe5 13. a4 c6 14. Rfd1 h6 15. b4
Qc7 16. c4 bxa4 17. Rxa4 c5 18. b5 Nb6 19. Raa1 a5 20. Nb3 a4 21. Nbd2 g5 22.
Ra3 Ng6 23. h3 Rfe8 24. Rda1 Nf4 25. Bxf4 exf4 26. R1a2 f5 27. e5 g4 28. hxg4
fxg4 29. Nh4 f3 30. gxf3 Rxe5 31. Ne4 Rae8 32. Ng6 gxf3 33. Qe3 Rxe4 34. Bxe4
Rxe4 35. Qd3 Re1+ 0-1

[Event "23. Copenhagen Open  (Politiken Cup)"]
[Site "Copenhagen"]
[Date "2001.07.22"]
[Round "7"]
[White "McShane, Rod"]
[Black "Trarup, Jorgen"]
[Result "0-1"]
[WhiteElo "1400"]
[BlackElo "1298"]
[PlyCount "86"]
[EventDate "2001.07.16"]
[EventType "swiss"]
[EventRounds "11"]
[EventCountry "DEN"]
[SourceDate "2004.01.01"]

1. e4 c5 2. Nf3 a6 3. d4 e6 4. c3 Be7 5. Bd3 d6 6. O-O b5 7. Bf4 h6 8. Ne1 Bg5
9. Bg3 cxd4 10. cxd4 Nc6 11. Nf3 Be7 12. a3 Nf6 13. Ne1 e5 14. d5 Nd4 15. f4
Bg4 16. Nf3 Nh5 17. Nbd2 Nxg3 18. hxg3 exf4 19. gxf4 Qb6 20. Kh2 Rc8 21. Rc1
O-O 22. g3 Nxf3+ 23. Nxf3 Qe3 24. Rxc8 Rxc8 25. Qd2 Qc5 26. e5 Bxf3 27. Rxf3
Qc1 28. Qf2 dxe5 29. fxe5 Bc5 30. Qg2 Bd4 31. Rf1 Qxb2 32. Qxb2 Bxb2 33. e6
fxe6 34. dxe6 Re8 35. Re1 Bxa3 36. Bg6 Re7 37. Bf7+ Kh7 38. Rd1 a5 39. Rd5 Rb7
40. Rd8 Be7 41. Rd5 a4 42. Be8 a3 43. Rxb5 Rxb5 0-1

[Event "23. Copenhagen Open  (Politiken Cup)"]
[Site "Copenhagen"]
[Date "2001.07.22"]
[Round "7"]
[White "Mortensen, Henrik"]
[Black "Laubsch, Bernd"]
[Result "0-1"]
[WhiteElo "2075"]
[BlackElo "2311"]
[PlyCount "92"]
[EventDate "2001.07.16"]
[EventType "swiss"]
[EventRounds "11"]
[EventCountry "DEN"]
[SourceDate "2004.01.01"]

1. d4 Nf6 2. Nf3 g6 3. c4 Bg7 4. g3 O-O 5. Bg2 d5 6. O-O Nc6 7. Nbd2 e6 8. b3
Ne4 9. Bb2 a5 10. a3 f5 11. e3 Bd7 12. Qc2 Be8 13. Rab1 g5 14. Rfd1 Bg6 15.
Nxe4 fxe4 16. Ne5 Nxe5 17. dxe5 c6 18. g4 Qe7 19. c5 Rf3 20. Bxf3 exf3 21. Qc3
Bf8 22. Rbc1 Qg7 23. Qe1 Qh6 24. Kh1 Be4 25. Qg1 Qg6 26. Rd2 Be7 27. Qg3 Kf7
28. Qh3 Rh8 29. Qh5 Qxh5 30. gxh5 Kg7 31. b4 a4 32. Bd4 Kh6 33. Rb2 Bd3 34. Rd1
Bb5 35. Rbd2 Kxh5 36. Rg1 Rf8 37. Bb2 h6 38. Rd4 Bd8 39. Rdg4 Bd3 40. h4 Bf5
41. R4g3 g4 42. Kh2 Bxh4 43. Rh1 Be4 44. Bd4 Kg5 45. Bc3 h5 46. Bd4 Rh8 0-1

[Event "23. Copenhagen Open  (Politiken Cup)"]
[Site "Copenhagen"]
[Date "2001.07.22"]
[Round "7"]
[White "Nicolaisen, Erik"]
[Black "Rasmussen, Bo"]
[Result "0-1"]
[WhiteElo "2015"]
[BlackElo "2160"]
[PlyCount "156"]
[EventDate "2001.07.16"]
[EventType "swiss"]
[EventRounds "11"]
[EventCountry "DEN"]
[SourceDate "2004.01.01"]

1. e4 d5 2. exd5 Qxd5 3. Nc3 Qa5 4. d4 Nf6 5. Bc4 Bf5 6. Nf3 c6 7. O-O e6 8.
Ne2 Bd6 9. Ng3 Bg4 10. Re1 Bxf3 11. gxf3 O-O 12. Ne4 Be7 13. Bf4 Nbd7 14. Qe2
Nd5 15. Bg3 N7f6 16. c3 Nh5 17. b4 Qd8 18. Bxd5 cxd5 19. Nc5 b6 20. Nd3 Rc8 21.
Rec1 Re8 22. a4 Bf6 23. f4 g6 24. Ne5 Ng7 25. b5 h5 26. f3 Bxe5 27. fxe5 Qg5
28. Kh1 Nf5 29. Bf2 Rc4 30. a5 bxa5 31. Rg1 Qd8 32. f4 Kh7 33. Qb2 Qb6 34. Rgb1
Rb8 35. Qa3 a4 36. Rb4 Rxb4 37. Qxb4 Qxb5 38. Qxa4 Qxa4 39. Rxa4 Rb7 40. Kg2
Kg7 41. Ra3 Kf8 42. Kf3 Ne7 43. Bh4 Nc6 44. Ke3 Ke8 45. Ra2 Kd7 46. Kd3 Kc7 47.
Kc2 Rb5 48. Bg5 Ra5 49. Rb2 Ra1 50. h4 Na5 51. Rb5 a6 52. Rb4 Nc4 53. Be7 Rf1
54. Bg5 Rf2+ 55. Kc1 a5 56. Rb3 a4 57. Rb4 a3 58. Kb1 Rb2+ 59. Rxb2 Nxb2 60.
Ka2 Nc4 61. Be7 Kc6 62. Bxa3 Kb5 63. Bc1 Na5 64. Kb2 Kc4 65. Kc2 Nc6 66. Ba3
Na7 67. Bc5 Nb5 68. Bb4 Nc7 69. Bd6 Ne8 70. Be7 Ng7 71. Bd8 Nf5 72. Bg5 Ng3 73.
Bd8 Ne2 74. Kd2 Nxc3 75. Bb6 Ne4+ 76. Ke3 Ng3 77. Bd8 Nf5+ 78. Kd2 Kxd4 0-1

[Event "23. Copenhagen Open  (Politiken Cup)"]
[Site "Copenhagen"]
[Date "2001.07.22"]
[Round "7"]
[White "Nielsen, Frode Benedikt"]
[Black "Fant, Goran"]
[Result "0-1"]
[WhiteElo "1834"]
[BlackElo "2043"]
[PlyCount "84"]
[EventDate "2001.07.16"]
[EventType "swiss"]
[EventRounds "11"]
[EventCountry "DEN"]
[SourceDate "2004.01.01"]

1. e4 e6 2. Nc3 d5 3. d3 d4 4. Nce2 Nc6 5. g3 Nf6 6. Bg2 Be7 7. f4 e5 8. Nf3
Nd7 9. fxe5 Ndxe5 10. Nf4 Nxf3+ 11. Bxf3 Ne5 12. O-O Qd6 13. Nd5 Bd8 14. c3
dxc3 15. d4 cxb2 16. Bxb2 Nxf3+ 17. Qxf3 Be6 18. Nf4 Bc4 19. Rfd1 O-O 20. d5
Bf6 21. Qf2 Bxb2 22. Qxb2 Qb6+ 23. Qxb6 axb6 24. Rdc1 Ra4 25. Kf2 b5 26. Rc3 c6
27. a3 Re8 28. Re1 Kf8 29. h4 g6 30. g4 Re5 31. Rce3 Re8 32. Kf3 Rea8 33. d6
Rxa3 34. e5 Ke8 35. h5 g5 36. Ne2 Bd5+ 37. Kf2 Ra2 38. Kg1 R8a4 39. Nc3 Rxg4+
40. Kf1 Rf4+ 41. Kg1 Rg2+ 42. Kh1 Rh4+ 0-1

[Event "23. Copenhagen Open  (Politiken Cup)"]
[Site "Copenhagen"]
[Date "2001.07.22"]
[Round "7"]
[White "Nielsen, Jan Mose"]
[Black "Stovring, Claus"]
[Result "1/2-1/2"]
[WhiteElo "2054"]
[BlackElo "1966"]
[PlyCount "57"]
[EventDate "2001.07.16"]
[EventType "swiss"]
[EventRounds "11"]
[EventCountry "DEN"]
[SourceDate "2004.01.01"]

1. d4 Nf6 2. Bg5 Ne4 3. h4 c5 4. dxc5 Qa5+ 5. Nd2 Nxg5 6. hxg5 Qxc5 7. Ngf3 g6
8. Nb3 Qb6 9. e4 Bg7 10. c3 Nc6 11. Bc4 d6 12. Qe2 Bg4 13. Rh4 Bxf3 14. gxf3
Ne5 15. Bb5+ Kf8 16. f4 Nf3+ 17. Qxf3 Qxb5 18. O-O-O a5 19. Rd5 Qc4 20. f5 a4
21. Nd2 Qxa2 22. f6 a3 23. fxg7+ Kxg7 24. bxa3 Qa1+ 25. Kc2 Rxa3 26. Qh3 Ra2+
27. Kd3 Ra3 28. Kc2 Ra2+ 29. Kd3 1/2-1/2

[Event "23. Copenhagen Open  (Politiken Cup)"]
[Site "Copenhagen"]
[Date "2001.07.22"]
[Round "7"]
[White "Nielsen, Marianne Izaura"]
[Black "Jensen, Dan Bronnum"]
[Result "1-0"]
[WhiteElo "1371"]
[BlackElo "1324"]
[PlyCount "49"]
[EventDate "2001.07.16"]
[EventType "swiss"]
[EventRounds "11"]
[EventCountry "DEN"]
[SourceDate "2004.01.01"]

1. d4 Nf6 2. Nc3 d5 3. Bf4 c6 4. e3 e6 5. Bd3 Be7 6. Nf3 h6 7. O-O Nbd7 8. Ne5
O-O 9. Qf3 c5 10. Nxd7 Bxd7 11. dxc5 Bxc5 12. e4 Bc6 13. e5 Nh7 14. Qh5 f5 15.
exf6 Qxf6 16. Bg3 Be8 17. Qe2 Bd7 18. Qh5 Qg5 19. Qe2 Bd4 20. Bxh7+ Kh8 21. Bd3
h5 22. h4 Qxg3 23. Qxh5+ Kg8 24. Bh7+ Kh8 25. Bg6+ 1-0

[Event "23. Copenhagen Open  (Politiken Cup)"]
[Site "Copenhagen"]
[Date "2001.07.22"]
[Round "7"]
[White "Nielsen, Nicholas Roland"]
[Black "Furu, Thormod"]
[Result "0-1"]
[WhiteElo "2065"]
[BlackElo "1775"]
[PlyCount "42"]
[EventDate "2001.07.16"]
[EventType "swiss"]
[EventRounds "11"]
[EventCountry "DEN"]
[SourceDate "2004.01.01"]

1. e4 d5 2. exd5 Nf6 3. d4 Bg4 4. f3 Bf5 5. c4 e6 6. dxe6 Nc6 7. d5 Nb4 8. Na3
fxe6 9. Qa4+ Kf7 10. Bd2 exd5 11. Bxb4 Qe8+ 12. Qxe8+ Rxe8+ 13. Kf2 Bxb4 14. g4
Bc5+ 15. Kg2 Bg6 16. Nh3 Nxg4 17. Ng5+ Kf6 18. fxg4 Kxg5 19. h4+ Kxg4 20. Kh2
Rhf8 21. Bh3+ Kxh4 0-1

[Event "23. Copenhagen Open  (Politiken Cup)"]
[Site "Copenhagen"]
[Date "2001.07.22"]
[Round "7"]
[White "Nielsen, Thomas"]
[Black "Kristensen, Jonas Rune"]
[Result "0-1"]
[WhiteElo "2025"]
[BlackElo "1755"]
[PlyCount "98"]
[EventDate "2001.07.16"]
[EventType "swiss"]
[EventRounds "11"]
[EventCountry "DEN"]
[SourceDate "2004.01.01"]

1. d4 Nf6 2. c4 d6 3. Nc3 g6 4. e4 Bg7 5. f3 O-O 6. Be3 e5 7. d5 a5 8. Qd2 Na6
9. g4 h5 10. h3 Nc5 11. O-O-O a4 12. Kb1 Bd7 13. Bd3 Kh7 14. Nge2 b6 15. Bg5
Ra5 16. gxh5 gxh5 17. h4 Qa8 18. Ng3 {#} Nb3 19. Qg2 a3 20. axb3 axb2 21. Qxb2
Qa7 22. Kc2 Ra8 23. Bxf6 Bxf6 24. Nxh5 Bh8 25. Rdg1 b5 26. cxb5 Qf2+ 27. Be2
Bxb5 28. Ng3 f5 29. exf5 Bxe2 30. Ngxe2 e4 31. Rf1 Qc5 32. b4 Qc4 33. bxa5 Qd3+
34. Kc1 exf3 35. Rd1 Qe3+ 36. Kc2 fxe2 37. Nxe2 Qxe2+ 38. Rd2 Qxd2+ 39. Kxd2
Bxb2 40. Rb1 Be5 41. Rb7 Rxa5 42. Rxc7+ Kh6 43. Rf7 Rxd5+ 44. Ke3 Kh5 45. Rf8
Kxh4 46. f6 Kg5 47. f7 Kf6 48. Ke4 Rb5 49. Rh8 Kxf7 0-1

[Event "23. Copenhagen Open  (Politiken Cup)"]
[Site "Copenhagen"]
[Date "2001.07.22"]
[Round "7"]
[White "Nielsen, Torben"]
[Black "Olsen, Miriam Frida"]
[Result "0-1"]
[WhiteElo "1840"]
[BlackElo "1604"]
[PlyCount "80"]
[EventDate "2001.07.16"]
[EventType "swiss"]
[EventRounds "11"]
[EventCountry "DEN"]
[SourceDate "2004.01.01"]

1. d4 Nf6 2. c4 Nc6 3. Nf3 e6 4. Nc3 d6 5. Bg5 Be7 6. e3 O-O 7. Rc1 e5 8. d5
Nb8 9. Bd3 a5 10. Qc2 h6 11. Bxf6 Bxf6 12. h3 Na6 13. Qe2 Nc5 14. Bc2 Be7 15.
g4 f5 16. gxf5 Bxf5 17. Bxf5 Rxf5 18. Rg1 e4 19. Nd4 Nd3+ 20. Kd2 Rxf2 21.
Rxg7+ Kxg7 22. Ne6+ Kh7 23. Qxf2 Nxf2 24. Nxd8 Rxd8 25. Rf1 Rf8 26. h4 Kg7 27.
h5 Nd3 28. Rg1+ Kh7 29. Nxe4 Nxb2 30. Kc3 Na4+ 31. Kd4 Nc5 32. Nxc5 dxc5+ 33.
Ke5 Bd6+ 34. Ke6 Re8+ 35. Kf7 Re7+ 36. Kf6 Rxe3 37. Rg7+ Kh8 38. Rg6 Rf3+ 39.
Ke6 Kh7 40. a4 Rf4 0-1

[Event "23. Copenhagen Open  (Politiken Cup)"]
[Site "Copenhagen"]
[Date "2001.07.22"]
[Round "7"]
[White "Nilsson, Nils Specht"]
[Black "Palo, Davor"]
[Result "0-1"]
[WhiteElo "2218"]
[BlackElo "2325"]
[PlyCount "126"]
[EventDate "2001.07.16"]
[EventType "swiss"]
[EventRounds "11"]
[EventCountry "DEN"]
[SourceDate "2004.01.01"]

1. e4 c5 2. Nf3 Nc6 3. d4 cxd4 4. Nxd4 d6 5. Nc3 e6 6. Be2 Nf6 7. O-O Be7 8.
Kh1 O-O 9. f4 a6 10. Be3 Qc7 11. Qe1 Re8 12. Qg3 Bd7 13. a3 Bf8 14. Bd3 g6 15.
Rae1 Bg7 16. Nxc6 Bxc6 17. Qh4 b5 18. Bd4 e5 19. fxe5 dxe5 20. Be3 Nh5 21. Ne2
Qb7 22. Bc1 f5 23. Nc3 Nf4 24. g3 Nxd3 25. cxd3 Rad8 26. Rf3 a5 27. Bg5 Rd4 28.
Kg1 b4 29. Ne2 Rd7 30. axb4 Qxb4 31. Ref1 Qxb2 32. R3f2 fxe4 33. Bh6 e3 34.
Bxe3 Qb4 35. Qxb4 axb4 36. Bc5 Rb7 37. Rb1 Bf8 38. Bxf8 Rxf8 39. Rxf8+ Kxf8 40.
Kf2 Ke7 41. Ke3 Kd6 42. d4 Bd5 43. dxe5+ Kxe5 44. Nf4 Be4 45. Rb2 b3 46. Ne2
Bd5 47. Kd3 Rc7 48. Nc3 Bc4+ 49. Ke3 Rd7 50. Rd2 Rxd2 51. Kxd2 Kd4 52. Nd1 Be6
53. Nc3 b2 54. Kc2 b1=Q+ 55. Nxb1 Bf5+ 56. Kc1 Bxb1 57. Kxb1 Ke3 58. Kc2 Kf3
59. Kd3 Kg2 60. Ke3 Kxh2 61. Kf4 Kh3 62. g4 Kh4 63. Kf3 g5 0-1

[Event "23. Copenhagen Open  (Politiken Cup)"]
[Site "Copenhagen"]
[Date "2001.07.22"]
[Round "7"]
[White "Pedersen, Christian K"]
[Black "Psakhis, Lev"]
[Result "0-1"]
[WhiteElo "2280"]
[BlackElo "2566"]
[PlyCount "58"]
[EventDate "2001.07.16"]
[EventType "swiss"]
[EventRounds "11"]
[EventCountry "DEN"]
[SourceDate "2004.01.01"]

1. Nf3 c5 2. g3 Nc6 3. Bg2 d5 4. O-O e5 5. d3 Be7 6. e4 d4 7. Nbd2 Bg4 8. h3
Be6 9. Nc4 f6 10. a4 Qd7 11. Kh2 g5 12. Ng1 h5 13. f4 exf4 14. gxf4 O-O-O 15.
b3 Nh6 16. Ne2 Rdg8 17. a5 g4 18. f5 Bxc4 19. bxc4 gxh3 20. Bxh3 Ng4+ 21. Bxg4
Bd6+ 22. Bf4 Rxg4 23. a6 Rh4+ 24. Kg2 Rg8+ 25. Kf3 Bxf4 26. Nxf4 Rxf4+ 27. Kxf4
Qd6+ 28. Kf3 Qg3+ 29. Ke2 Qe3# 0-1